Statistics for Modern-Day Countries of GrandOldLand on a Map

Click here to take the quiz!

General Stats

  • This quiz has been taken 425 times
    (343 since last reset)
  • The average score is 42 of 48

Answers on the Map

Answers color-coded by a green-red scale on the quiz's map according to % correct below.
 

Answer Stats

Country% Correct
Mexico
99%
United States
99%
Canada
98%
Denmark
98%
Germany
97%
Iceland
97%
Norway
97%
Sweden
97%
Cuba
96%
Finland
96%
Poland
96%
Belarus
95%
Estonia
95%
Laos
95%
Latvia
95%
Lithuania
95%
Russia
95%
Cambodia
93%
Dominican Republic
93%
Haiti
93%
Angola
92%
Italy
92%
Jamaica
89%
Thailand
89%
Bahamas
88%
Cyprus
88%
Greece
88%
China
86%
United Kingdom
86%
India
85%
Kiribati
85%
Brazil
84%
D.R. Congo
84%
F.S. Micronesia
84%
Indonesia
83%
South Africa
83%
Marshall Islands
81%
Nauru
81%
Palau
81%
East Timor
80%
Singapore
77%
Brunei
75%
Trinidad and Tobago
74%
Ecuador
73%
Namibia
66%
Senegal
66%
Sudan
66%
Malta
60%

Score Distribution

Percentile by Number Answered

Percent of People with Each Score

Your Score History

You have not taken this quiz since the last reset